01626nam a22003254a 4500001001200000003000800012006001900020007001500039008004100054010001700095020002200112040002100134035002100155050002500176082001500201245023300216250001700449260005500466300002600521500025300547504005100800533015200851650003301003650003901036650003601075655002901111710001701140856012601157999001701283ebr10032341CaPaEBRm u cr cn|||||||||020813s2003 dcua sb f001 0 eng  z 2002013021 z0309069890 (pbk.) aCaPaEBRcCaPaEBR a(OCoLC)61463072314aSF407.P7bN88 2003eb04a636.9822100aNutrient requirements of nonhuman primatesh[electronic resource] /cCommittee on Animal Nutrition, Ad Hoc Committee on Nonhuman Primate Nutrition, Board on Agriculture and Natural Resources, Division on Earth and Life Sciences. a2nd rev. ed. aWashington, D.C. :bNational Academy Press,c2003. axviii, 286 p. :bill. aRev ed. of: Nutrient requirements of nonhuman primates / Panel on Nonhuman Primate Nutrition, Subcommittee on Laboratory Animal Nutrition, Committee on Animal Nutrition, Board on Agriculture and Renewable Resources, National Research Council. 1978. aIncludes bibliographical references and index. aElectronic reproduction.bPalo Alto, Calif. :cebrary,d2013.nAvailable via World Wide Web.nAccess may be limited to ebrary affiliated libraries. 0aPrimatesxFeeding and feeds. 0aPrimatesxNutritionxRequirements. 0aPrimates as laboratory animals. 7aElectronic books.2local2 aebrary, Inc.40uhttp://site.ebrary.com/lib/rucke/Doc?id=10032341zAn electronic book accessible through the World Wide Web; click to view c62983d62983